00450nam a2200157Ia 4500001000500000005001700005008004100022041000800063082002100071100003400092245011400126260000900240300002700249650000800276654000800284759620260306160507.0260306t2011||||xx |||||||||||||| ||spa|| aESP a352.1bS42 N° 6 aArnao Rondán, RaymundoeAUT 0aLa eficiencia en la gestión pública:bel caso de la gestión de inversión pública local en el Perú c2011 a61 páginas :c28 cm. aGEN aCAN